China in the eyes of Europe : (Record no. 25465)
[ view plain ]
| 000 -LEADER | |
|---|---|
| fixed length control field | 00904nam a2200265 4500 |
| 001 - CONTROL NUMBER | |
| control field | 25465 |
| 003 - CONTROL NUMBER IDENTIFIER | |
| rucl marc code | BD-RjUL |
| 005 - DATE AND TIME OF LATEST TRANSACTION | |
| control field | 20211209050901.0 |
| 008 - FIXED-LENGTH DATA ELEMENTS--GENERAL INFORMATION | |
| fixed length control field | 140318s1968 iluab 000 0 eng d |
| 035 ## - SYSTEM CONTROL NUMBER | |
| System control number | (OCoLC)ocm01016037 |
| System control number | (BD-RjUL)25535 |
| 040 ## - CATALOGING SOURCE | |
| Original cataloging agency | TOL |
| Transcribing agency | TOL |
| Modifying agency | OCL |
| -- | ZCU |
| -- | China...Description and travel. |
| Language of cataloging | eng |
| 041 ## - LANGUAGE CODE | |
| Language code of text/sound track or separate title | eng |
| 082 04 - DEWEY DECIMAL CLASSIFICATION NUMBER | |
| Edition number | 19 |
| Classification number | 915.10457 |
| Author mark and year | LAC 1968 |
| 100 1# - MAIN ENTRY--PERSONAL NAME | |
| Personal name | Lach, Donald F. |
| Fuller form of name | (Donald Frederick), |
| Dates associated with a name | 1917- |
| 9 (RLIN) | 77437 |
| 245 10 - TITLE STATEMENT | |
| Title | China in the eyes of Europe : |
| Remainder of title | the sixteenth century / |
| Statement of responsibility, etc. | by Donald F. Lach. |
| 250 ## - EDITION STATEMENT | |
| Edition statement | 1st phoenix ed. |
| 260 ## - PUBLICATION, DISTRIBUTION, ETC. (IMPRINT) | |
| Place of publication, distribution, etc. | Chicago : |
| Name of publisher, distributor, etc. | University of Chicago Press, |
| Date of publication, distribution, etc. | c1968. |
| 300 ## - PHYSICAL DESCRIPTION | |
| Pagination | 730-821 p. : |
| Illustrations | illus., maps. |
| Size | 21 cm. |
| 490 1# - SERIES STATEMENT | |
| Series statement | Phoenix books ; |
| Volume/sequential designation | P296 |
| 504 ## - BIBLIOGRAPHY, ETC. NOTE | |
| Bibliography, etc | Includes bibliographical references. |
| 651 #0 - SUBJECT ADDED ENTRY--GEOGRAPHIC NAME | |
| Geographic name | China |
| General subdivision | Description and travel. |
| 9 (RLIN) | 78311 |
| 830 #0 - SERIES ADDED ENTRY--UNIFORM TITLE | |
| Uniform title | Phoenix books (Chicago, Ill.) ; |
| 942 ## - ADDED ENTRY ELEMENTS (KOHA) | |
| Source of classification or shelving scheme | Dewey Decimal Classification |
| Koha item type | Books |
| Lost status | Source of classification or shelving scheme | Damaged status | Not for loan | Collection code | Permanent Location | Current Location | Shelving location | Date acquired | Source of acquisition | Cost, normal purchase price | Total Checkouts | Full call number | Date last seen | Copy number | Koha item type |
|---|---|---|---|---|---|---|---|---|---|---|---|---|---|---|---|
| Dewey Decimal Classification | Added to bundle | Non-fiction | Central Library, University of Rajshahi | Central Library, University of Rajshahi | Reading Room | 17/09/1970 | Zeitlinger. | 13.00 | 915.10457 LAC 1968 | 18/03/2014 | C-1 | Books |